Les 10 Pays les plus chrétiens du monde. - Statistiques

Statistiques générales
  • Ce quiz a été pris 207 fois
  • Le résultat moyen est 2 sur 10
Statistiques - réponses
RANG PAYS pourcentage % Correct
1 Vatican 100 %
94%
7 Arménie 99 %
23%
4 Roumanie 99 %
20%
9 Moldavie 98,5 %
10%
5 Guatemala 99 %
5%
2 Samoa 99,2 %
4%
6 Grenade 99 %
3%
3 Timor Oriental 99 %
2%
10 Tuvalu 98,4 %
2%
8 Guinée Equatoriale 98,6 %
1%
Aucun quiz correspondant
Distribution des résultats
% des personnes avec chaque résultat
Percentile par nombre de réponses
Votre historique - résultats
Vous n’avez pas pris ce quiz